[Event "DSOL 04 Liga Gr-B 1st"]
[Site "Playchess.com INT"]
[Date "2020.08.03"]
[Round "7.1"]
[White "Swarte, Yannik"]
[Black "Schmidt, Alexander"]
[Result "0-1"]
[WhiteElo "1807"]
[BlackElo "1892"]
[PlyCount "122"]
[EventDate "2020.06.22"]
[EventType "team-tourn (rapid)"]
[EventCountry "GER"]
[SourceTitle "EXT 2021"]
[Source "ChessBase"]
[SourceDate "2020.10.23"]
[SourceVersion "1"]
[SourceVersionDate "2020.10.23"]
[SourceQuality "1"]
[WhiteTeam "Lingen"]
[BlackTeam "Aachen Tigerli"]
[WhiteTeamCountry "GER"]
[BlackTeamCountry "GER"]

1. d4 Nf6 2. c4 e5 3. dxe5 Ng4 4. Nf3 Bc5 5. e3 Nc6 6. a3 a5 7. b3 Ngxe5 8. Bb2 0-0 9. Nxe5 Nxe5 10. Bxe5 Re8 11. Bd4 Bxd4 12. Qxd4 Ra6 13. Nd2 a4 14. b4 Rd6 15. Qc3 b6 16. Be2 Bb7 17. Nf3 Rg6 18. 0-0 Qa8 19. Kh1 c5 20. Rad1 d6 21. Rfe1 Rh6 22. bxc5 bxc5 23. Rg1 Be4 24. Ng5 Bc6 25. Bf3 Bxf3 26. Nxf3 Qe4 27. Qd3 Rf6 28. Qxe4 Rxe4 29. Rb1 g5 30. Nd2 Re8 31. Rgf1 Kg7 32. h4 Rh6 33. g3 gxh4 34. gxh4 Rxh4+ 35. Kg2 h5 36. e4 Kf6 37. Rg1 Rg8+ 38. Kf1 Rxg1+ 39. Kxg1 Rg4+ 40. Kf1 h4 41. Ke2 h3 42. Rh1 Rh4 43. Kf3 Rh8 44. Kg3 Ke5 45. Rxh3 Rxh3+ 46. Kxh3 Kd4 47. Kg4 Kd3 48. Nf3 Kxc4 49. Ng5 f6 50. Nf7 Kb3 51. Nxd6 Kxa3 52. f4 Kb4 53. e5 fxe5 54. fxe5 a3 55. Nf5 a2 56. e6 a1Q 57. e7 Qe5 58. Kg5 c4 59. Kg6 c3 60. Nd4 Kc4 61. Nc6 Qe6+ 0-1